[Event "ROU-ch Men 2018"]
[Site "Olanesti"]
[Date "2018.05.14"]
[Round "1"]
[White "Deac, Bogdan-Daniel"]
[Black "Daianu, Cristian-Clement"]
[Result "1-0"]
[WhiteElo "2575"]
[BlackElo "2150"]
[Annotator "TA"]
[PlyCount "101"]
[EventDate "2018.??.??"]
[EventType "swiss"]
[EventCountry "ROU"]
[SourceTitle "playchess.com"]
[Source "ChessBase"]
[SourceQuality "1"]

{[%evp 16,101,16,16,27,24,20,-2,0,-14,-6,0,10,-6,20,0,0,0,0,0,8,20,44,-44,-44,-22,0,0,29,25,44,0,0,-16,0,-49,-34,-38,-12,-5,0,-3,0,0,-4,-47,42,0,0,0,60,0,116,43,135,116,119,31,151,0,15,0,217,112,173,150,152,82,169,67,156,139,202,179,339,351,357,353,309,286,226,108,1009,936,1068,927,29991,29992]} 1. e4 c5 2. Nf3 d6 3. d4 cxd4 4. Nxd4 Nf6 5. Nc3 a6 6. h4 {B90: Sicilian Najdorf: Unusual White 6th moves, 6 Be3 Ng4 and 6 Be3 e5} Nc6 7. Be3 Ng4 8. Nxc6 bxc6 9. Bd2 {LiveBook: 4 Games} Rb8 $146 ({Predecessor:} 9... h5 10. f3 Ne5 11. Na4 Qc7 12. Bc3 Rb8 13. b3 c5 14. Bxe5 dxe5 {0-1 (31) Antal,G (2522)-Duda,J (2724) Caleta 2018}) 10. b3 e5 11. Bd3 Be7 12. g3 O-O 13. Qe2 a5 14. O-O-O Nf6 15. Rhg1 Nd7 16. Na4 d5 17. f4 Qc7 18. Kb1 Bd6 19. Rgf1 (19. f5 $14) 19... Nf6 $15 {aiming for ...Bg4.} 20. f5 Bd7 {Hoping for ...c5.} 21. Bg5 Rb4 {[%cal Rf6e4]} 22. Bxf6 gxf6 23. c3 Rbb8 24. Ka1 Kh8 25. Bc2 d4 26. Nb2 a4 27. Nxa4 Qa5 28. Qd2 c5 {Threatens to win with ...Bxa4.} 29. Nb2 Ra8 {[%csl Ga8][%cal Ra5a2]} 30. a4 Bb5 (30... Qa6 $15) 31. Rf3 (31. c4 $5 {[%cal Rd2a5]} Qxd2 32. Rxd2 $11) 31... Qc7 32. Kb1 Ba6 (32... Bc6 $11) 33. g4 ({White should try} 33. c4 $1 $14) 33... Be7 (33... c4 $11 {keeps the balance.}) 34. g5 (34. c4 $1 $16) 34... Rab8 (34... Rg8 $14) 35. g6 Rg8 36. Rg1 (36. gxf7 $6 Rg4 $11) (36. h5 $16) 36... Bf8 (36... c4 $1 $14) 37. Rfg3 $40 {[%mdl 128] White is up to no good.} ({Better is} 37. c4 $16) 37... fxg6 $1 $11 38. fxg6 h6 $2 (38... c4 $11 39. cxd4 cxb3 40. Rxb3 Rxg6 41. Rxg6 hxg6) 39. c4 (39. cxd4 $18 exd4 40. Ka2) 39... Kg7 (39... Bg7 $16 {was called for.} 40. Rf1 Rgd8) 40. Rf3 Be7 41. Kc1 (41. h5 $142) 41... Bc8 (41... h5 $16) 42. Nd1 ({White must play} 42. h5 $1 $18) 42... Qd6 (42... h5 $14) 43. Nf2 {[%cal Bd1f2,Bf2h1,Bh1g3][%mdl 32]} Rb4 (43... h5 $16 44. Kb2 Qc6) 44. Nh1 Bd8 $2 (44... Qc6 45. Ng3 Bg4 46. Nf5+ Bxf5 47. Rxf5 Bd8) 45. Ng3 $18 Bg4 46. Bd1 ({Not} 46. Nf5+ Bxf5 47. Rxf5 Ba5 $16) 46... Ba5 {Strongly threatening ...Rxc4+!} 47. Qc2 (47. Qf2 d3 $16) 47... Kh8 {[#]} 48. Qf2 ({But not} 48. Nf5 $6 Bxf5 49. Rxf5 (49. exf5 Kg7 $16) 49... d3 $16) (48. Rd3 $1 $18 {is the precise move to win.} Rxg6 49. Bxg4 Rxg4 50. Qd1) 48... Rxg6 $2 {[%mdl 8192] [#]} (48... Rb6 $16) 49. h5 $1 {[%cal Bh4h5,Bh5g6,Bg6g7][%mdl 32]} Bxf3 50. hxg6 Bxd1 {[#]} 51. g7+ $1 {[%mdl 512] Precision: White = 38%, Black = 28%.} 1-0

[Event "ROU-ch Men 2018"]
[Site "Olanesti"]
[Date "2018.05.14"]
[Round "1"]
[White "Szabo, Gergely-Andras-Gyul"]
[Black "Pribeanu, Mihail-Dacian"]
[Result "1/2-1/2"]
[WhiteElo "2541"]
[BlackElo "2119"]
[Annotator "TA"]
[PlyCount "109"]
[EventDate "2018.??.??"]
[EventType "swiss"]
[EventCountry "ROU"]
[SourceTitle "playchess.com"]
[Source "ChessBase"]
[SourceQuality "1"]

{[%evp 22,109,22,20,45,42,34,25,0,11,33,25,108,89,116,116,116,117,134,130,169,118,118,118,118,118,118,126,166,166,166,118,118,118,118,118,134,118,118,0,118,118,118,118,118,118,118,118,94,94,92,50,47,23,66,0,66,0,0,11,32,28,56,0,0,0,0,0,0,10,210,216,197,168,167,97,131,0,12,0,0,0,0,0,0,0,0,0,0,0]} 1. d4 Nf6 2. c4 g6 3. Nc3 Bg7 4. e4 d6 5. Nf3 O-O 6. h3 e5 7. d5 a5 8. g4 {[%cal Bg2g4,Bg4g5][%mdl 32]} Na6 9. Bg5 Nc5 10. Nd2 c6 11. Be2 Bd7 {E92: King's Indian: Classical: 6 Be2 e5: 7 dxe5, 7 Be3 and Petrosian System without 7...Nbd7} 12. Be3 {LiveBook: 18 Games} (12. h4 a4 13. a3 Qa5 14. Kf1 cxd5 15. cxd5 b5 16. Be3 Rab8 17. h5 b4 18. axb4 Rxb4 19. Bxc5 Qxc5 {0-1 (27) Grischuk,A (2792)-Morozevich,A (2731) Dubai 2014}) 12... Rb8 13. g5 $146 ({Predecessor:} 13. a4 Qb6 14. Ra3 Qb4 15. Qc2 h6 16. Na2 Qb6 17. Nb3 {1-0 (33) Almeida Quintana,O (2426)-Garcia Martinez,S (2378) Las Tunas 2001}) 13... Ne8 {White is slightly better.} 14. a4 Nc7 15. Nb3 Nxb3 16. Qxb3 c5 (16... cxd5 $11 {remains equal.} 17. cxd5 Na6) 17. O-O-O f6 18. h4 f5 19. Rdg1 f4 20. Bd2 b6 21. Bg4 ({Better is} 21. h5 $18) 21... Bxg4 $16 22. Rxg4 Qd7 23. Qd1 Kf7 24. h5 Rg8 25. Qf3 Ke7 26. Rgh4 Qe8 27. Qg4 Qd7 28. Qd1 Rbe8 29. Ne2 Na6 30. Nc3 ({White should try} 30. h6 $16 Bf8 31. Nc3) 30... Kd8 (30... Nc7 $1 $11) 31. Qb3 Kc7 32. Nb5+ Kb8 33. R1h3 {[%cal Bh1h3,Bh3b3,Bb3b5][%mdl 32]} Ka8 34. Kb1 Rb8 35. Qd1 Nc7 36. Rb3 Nxb5 37. Rxb5 Rb7 38. Qh1 (38. h6 $14 Bf8 39. Qg4) 38... Bf8 (38... gxh5 $1 $11 39. Qh3 Qd8) 39. Rh3 ({White should play} 39. h6 $1 $14) 39... Be7 $11 40. hxg6 Rxg6 41. Rxh7 Rxg5 42. f3 (42. Rh8+ $14 Bd8 43. Rf8) 42... Qe8 43. Ka2 Rg8 44. Be1 Ka7 45. Ka3 Qg6 $2 {[#]} (45... Qd8 $11 {and Black has nothing to worry.}) 46. Bxa5 $1 $18 {[%mdl 512]} Rg7 (46... bxa5 47. Rxb7+) 47. Rxg7 Qxg7 48. Be1 (48. Bc3 $18) 48... Bd8 $16 49. Ka2 (49. Bc3 $16) 49... Qh7 $1 $11 {[%cal Rh7h1] The position is equal.} 50. Qf1 Qh2 $1 51. Qd3 {Black should prevent a5.} Qg1 52. Qd2 Rh7 {[#] Threatens to win with ...Rh1.} 53. a5 $1 {[%cal Ra5b6] Black must now prevent axb6+.} Rh1 54. axb6+ Bxb6 55. Rxb6 {Precision: White = 48%, Black = 63%.} 1/2-1/2

[Event "ROU-ch Men 2018"]
[Site "Olanesti"]
[Date "2018.05.14"]
[Round "1"]
[White "Nevednichy, Vladislav"]
[Black "Chima, Radu-Niculin"]
[Result "1-0"]
[WhiteElo "2532"]
[BlackElo "2095"]
[Annotator "TA"]
[PlyCount "51"]
[EventDate "2018.??.??"]
[EventType "swiss"]
[EventCountry "ROU"]
[SourceTitle "playchess.com"]
[Source "ChessBase"]
[SourceQuality "1"]

{[%evp 16,51,23,18,18,16,43,41,43,43,36,38,38,23,82,85,81,81,127,71,149,150,136,141,140,152,143,139,272,274,293,245,326,329,490,491,475,473]} 1. e4 e6 2. d4 d5 3. Nc3 Nf6 4. e5 Nfd7 5. f4 c5 6. Nf3 Nc6 7. Be3 cxd4 8. Nxd4 Bb4 9. Be2 {LiveBook: 6 Games. C11: French: Classical System: 4 e5 and 4 Bg5 dxe4} (9. Nb3 g5 10. fxg5 Ndxe5 11. Bb5 Bd7 12. O-O Qc7 13. Kh1 a6 14. Be2 Ne7 15. Qe1 O-O-O 16. Qf2 Nc4 17. Bxc4 Qxc4 {½-½ (45) Frolyanov,D (2563)-Zvjaginsev,V (2639) Khanty-Mansiysk 2017}) 9... O-O 10. O-O Nxd4 11. Bxd4 {White is slightly better.} Bc5 12. Bxc5 $146 ({Predecessor:} 12. Kh1 b6 13. Bf3 Ba6 14. Be2 Bb7 15. Bxc5 Nxc5 16. Bd3 Nxd3 17. cxd3 {0-1 (34) Susilodinata,A-Fier,A Oropesa del Mar 1998}) 12... Nxc5 13. Qd4 Qb6 14. Rad1 Nd7 (14... Bd7 $11 {keeps the balance.}) 15. Nb5 $36 {[%mdl 2048] White is on the roll.} Qxd4+ 16. Rxd4 Nc5 17. Nd6 (17. c4 $142) 17... f6 (17... b6 $142) 18. c4 {[%cal Bc2c4,Bc4d5][%mdl 32]} fxe5 19. fxe5 {Black must now prevent Rxf8+.} Rxf1+ 20. Bxf1 b6 21. b4 Nd7 (21... Nb7 $16) 22. cxd5 $18 Nxe5 23. dxe6 Kf8 {[#]} 24. Re4 $1 {[%cal Re4e5]} Ng6 {[#]} (24... Bxe6 $142 25. Rxe5 Bxa2) 25. e7+ $1 {[%mdl 512]} Nxe7 26. Rf4+ {Precision: White = 70%, Black = 37%.} 1-0

[Event "ROU-ch Men 2018"]
[Site "Olanesti"]
[Date "2018.05.14"]
[Round "1"]
[White "Georgescu, Tiberiu-Marian"]
[Black "Albu, George"]
[Result "1-0"]
[WhiteElo "2476"]
[BlackElo "2038"]
[Annotator "TA"]
[PlyCount "75"]
[EventDate "2018.??.??"]
[EventType "swiss"]
[EventCountry "ROU"]
[SourceTitle "playchess.com"]
[Source "ChessBase"]
[SourceQuality "1"]

{[%evp 17,75,15,35,40,65,29,71,54,81,50,81,83,83,76,100,106,120,122,133,115,119,128,87,87,109,0,1,-31,-21,-22,0,-29,-23,-30,-33,-84,-81,-97,-33,-82,-27,-46,37,32,40,12,75,69,120,98,138,145,691,703,684,702,693,689,29968,29967]} 1. d4 Nf6 2. Nf3 g6 3. Nbd2 Bg7 4. e4 d6 5. Bd3 O-O 6. O-O Re8 7. Re1 e5 8. c3 Nc6 9. h3 a6 {LiveBook: 3 Games. B07: Pirc Defence: Miscellaneous Systems} (9... h6 10. Nf1 Bd7 11. Ng3 Qe7 12. Be3 Kh7 13. Qd2 a5 14. Rad1 a4 15. d5 Na5 16. c4 b6 17. Qc3 {½-½ (39) Guseinov,G (2645)-Carlsen,M (2832) chess.com INT 2017}) 10. Nf1 Bd7 11. Bg5 $146 ({Predecessor:} 11. Ng3 b5 12. Bg5 h6 13. Be3 d5 14. Nxe5 dxe4 15. Nxd7 exd3 {1-0 (50) Janik,T (2050)-Czarnolewski,P (1911) Poland 2007}) 11... b5 {White has an edge.} 12. Qd2 Na5 13. Ne3 Qc8 14. dxe5 dxe5 15. c4 Nb7 16. Rac1 Qb8 17. Bb1 {[#] Strongly threatening Bxf6.} Bc8 18. Bxf6 Bxf6 19. Nd5 Bd8 20. cxb5 axb5 21. Nb4 (21. Rxc7 $16 {And now Rec1 would win.} Bxc7 22. Nf6+ Kf8 23. Qh6+ Ke7 24. Nd5+ Kd7 25. Rc1) 21... c5 $1 $11 {[%cal Rc5b4]} 22. Nc6 (22. Nd5 {keeps more tension.} c4 23. Red1 Nd6 24. b3 Bb7 25. h4) 22... Qc7 23. Nxd8 Rxd8 24. Qg5 Re8 $1 25. Red1 Ra6 26. Rd2 ({Better is} 26. Qg3 $15) 26... f6 $17 27. Qh4 Qe7 ({Black should try} 27... Rd8 $17) 28. Rcd1 Be6 (28... Rd8 $17) 29. Nh2 $11 f5 (29... c4 $15) 30. Qg3 $14 {[#] aiming for exf5.} f4 31. Qc3 Qc7 (31... Na5 $11) 32. Ng4 $16 {Hoping for Nf6+.} Bxg4 ({Black should play} 32... Qg7 $14) 33. hxg4 {[%cal Bh3g4,Bg4h5][%mdl 32]} Nd6 34. Rd5 Nb7 $2 {[%mdl 8192]} (34... b4 $16 35. Qxc5 Qxc5 36. Rxc5 Kg7 37. Rc7+ Kf6 38. Rxh7 Rc6) 35. Rd7 $18 Qb6 36. Qh3 h5 37. gxh5 g5 38. Qf5 {Precision: White = 57%, Black = 29%.} 1-0

[Event "ROU-ch Men 2018"]
[Site "Olanesti"]
[Date "2018.05.14"]
[Round "1"]
[White "Anton, Teodor"]
[Black "Coca, Cristi-Iulian"]
[Result "1-0"]
[WhiteElo "2426"]
[BlackElo "2003"]
[Annotator "TA"]
[PlyCount "65"]
[EventDate "2018.??.??"]
[EventType "swiss"]
[EventCountry "ROU"]
[SourceTitle "playchess.com"]
[Source "ChessBase"]
[SourceQuality "1"]

{[%evp 13,65,27,67,34,75,72,68,70,81,68,84,77,84,83,118,106,101,119,126,117,123,117,158,137,215,201,214,214,208,204,212,189,185,175,211,217,217,209,275,268,221,216,306,240,395,386,420,334,897,889,873,843,29993,29994]} 1. Nf3 Nf6 2. d4 g6 3. Nbd2 Bg7 4. e4 d6 5. Bd3 O-O 6. O-O c5 7. c3 Nc6 {LiveBook: 3 Games. B07: Pirc Defence: Miscellaneous Systems} (7... Qc7 8. h3 Nc6 9. d5 Ne5 10. Nxe5 dxe5 11. Re1 Ne8 12. a4 Nd6 13. Nc4 e6 14. Nxd6 Qxd6 15. Bc4 exd5 16. Bxd5 {½-½ (45) Grischuk,A (2767)-Mamedyarov,S (2809) Moscow 2018}) 8. Re1 Rb8 $146 ({Predecessor:} 8... Bg4 9. h3 Bxf3 10. Nxf3 {½-½ (10) De Santis,A (2305)-Bellia,F (2350) Imperia 2000}) 9. d5 Ne5 {White is better.} 10. Nxe5 dxe5 11. Nc4 Ne8 12. f4 e6 13. dxe6 ({But not} 13. fxe5 exd5 14. exd5 b5 $11) 13... Bxe6 14. Nxe5 Bxe5 15. fxe5 Qc7 16. Qf3 $36 {[%mdl 2048] White has strong initiative.} Ng7 17. Bf1 Rbd8 18. Bg5 Qxe5 (18... Rc8 $16 {was called for.} 19. Qe3 Qxe5) 19. Bf6 $18 Qc7 20. Bxd8 Rxd8 21. Rad1 Re8 22. e5 h5 23. Qf4 Nf5 24. Bb5 Re7 25. Bd3 Qb6 26. Bxf5 Bxf5 27. b3 Kg7 (27... c4+ $142 28. Qd4 Qxd4+ 29. Rxd4 cxb3) 28. c4 a5 $2 (28... Re8 {was worth a try.} 29. h3 Kg8) 29. Qg5 Re6 30. Rd5 {[#] aiming for Rf1.} a4 $2 (30... Qc7 31. h3 Re8) 31. Rf1 axb3 32. axb3 Be4 33. Rd7 {Precision: White = 81%, Black = 23%.} 1-0

[Event "ROU-ch Men 2018"]
[Site "Olanesti"]
[Date "2018.05.14"]
[Round "1"]
[White "Manea, Alexandru"]
[Black "Farcadi, Hunor"]
[Result "1-0"]
[WhiteElo "2402"]
[BlackElo "1959"]
[Annotator "ChessBase"]
[PlyCount "73"]
[EventDate "2018.??.??"]
[EventType "swiss"]
[EventCountry "ROU"]
[SourceTitle "playchess.com"]
[Source "ChessBase"]
[SourceQuality "1"]
[TimeControl "40/5400+30:1800+30"]

1. e4 {[%emt 0:00:28]} c5 {[%emt 0:00:53]} 2. Nc3 {[%emt 0:03:21]} Nc6 {[%emt 0:00:16]} 3. Nge2 {[%emt 0:00:07]} Nf6 {[%emt 0:01:34]} 4. f4 {[%emt 0:01:39]} d6 {[%emt 0:06:43]} 5. g3 {[%emt 0:02:57]} g6 {[%emt 0:04:21]} 6. Bg2 {[%emt 0:00:16]} Bg7 {[%emt 0:00:08]} 7. h3 {[%emt 0:00:11]} Bd7 {[%emt 0:03:30]} 8. d3 {[%emt 0:00:20]} Rb8 {[%emt 0:03:50]} 9. g4 {[%emt 0:00:47]} h6 {[%emt 0:18:43]} 10. Be3 {[%emt 0:02:41]} b5 {[%emt 0:07:52]} 11. Qd2 {[%emt 0:01:18]} e5 {[%emt 0:04:15]} 12. f5 {[%emt 0:00:44]} Nd4 {[%emt 0:02:51]} 13. Ng3 {[%emt 0:00:38]} Qa5 {[%emt 0:03:32]} 14. O-O {[%emt 0:05:12]} g5 {[%emt 0:02:44]} 15. a3 {[%emt 0:03:47]} Qc7 {[%emt 0:07:53]} 16. Nd5 {[%emt 0:01:33]} Nxd5 {[%emt 0:02:44]} 17. exd5 {[%emt 0:00:11]} f6 {[%emt 0:01:07]} 18. b4 {[%emt 0:01:17]} Rc8 {[%emt 0:03:55]} 19. Ra2 {[%emt 0:01:33]} Kf7 {[%emt 0:03:45]} 20. Ne4 {[%emt 0:10:39]} Bf8 {[%emt 0:05:24]} 21. Rb1 {[%emt 0:01:49]} c4 {[%emt 0:02:04]} 22. dxc4 {[%emt 0:01:26]} Qxc4 {[%emt 0:01:45]} 23. c3 {[%emt 0:00:11]} Nxf5 {[%emt 0:01:03]} 24. gxf5 {[%emt 0:00:13]} Bxf5 {[%emt 0:00:05]} 25. Qc2 {[%emt 0:01:36]} Bg6 {[%emt 0:00:44]} 26. Rf1 {[%emt 0:00:09]} f5 {[%emt 0:03:55]} 27. a4 {[%emt 0:06:10]} Kg7 {[%emt 0:05:55]} 28. Nd2 {[%emt 0:02:03]} Qe2 {[%emt 0:02:06]} 29. Bxa7 {[%emt 0:01:02]} bxa4 {[%emt 0:00:47]} 30. Qxa4 {[%emt 0:00:48]} Be7 {[%emt 0:00:28]} 31. Ne4 {[%emt 0:04:23]} Qc4 {[%emt 0:00:32]} 32. Nxd6 {[%emt 0:00:48]} Bxd6 {[%emt 0:00:11]} 33. Qd7+ {[%emt 0:00:07]} Bf7 {[%emt 0:00:54]} 34. Rxf5 {[%emt 0:01:29]} Rhf8 {[%emt 0:00:23]} 35. Raf2 {[%emt 0:00:06]} Rc7 {[%emt 0:00:36]} 36. Rxf7+ {[%emt 0:00:25]} Rxf7 {[%emt 0:00:05]} 37. Rxf7+ {[%emt 0:00:04]} 1-0

[Event "ROU-ch Men 2018"]
[Site "Olanesti"]
[Date "2018.05.14"]
[Round "1"]
[White "Stanciu, Alexandru-Ovidiu"]
[Black "Tufa, Mihai"]
[Result "1-0"]
[WhiteElo "2363"]
[BlackElo "1915"]
[Annotator "ChessBase"]
[PlyCount "47"]
[EventDate "2018.??.??"]
[EventType "swiss"]
[EventCountry "ROU"]
[SourceTitle "playchess.com"]
[Source "ChessBase"]
[SourceQuality "1"]
[TimeControl "40/5400+30:1800+30"]

1. c4 {[%emt 0:00:00]} e5 {[%emt 0:00:36]} 2. g3 {[%emt 0:00:00]} Nf6 {[%emt 0:02:30]} 3. Bg2 {[%emt 0:00:03]} d5 {[%emt 0:05:24]} 4. cxd5 {[%emt 0:00:52]} Nxd5 {[%emt 0:00:15]} 5. Nc3 {[%emt 0:00:04]} c6 {[%emt 0:06:52]} 6. Nf3 {[%emt 0:00:33]} f6 {[%emt 0:04:00]} 7. O-O {[%emt 0:00:15]} Be6 {[%emt 0:03:10]} 8. d4 {[%emt 0:18:31]} exd4 {[%emt 0:09:29]} 9. Nxd4 {[%emt 0:01:48]} Bf7 {[%emt 0:07:56]} 10. e4 {[%emt 0:05:16]} Nc7 {[%emt 0:07:46]} 11. Bf4 {[%emt 0:05:39]} Ne6 {[%emt 0:09:16]} 12. Nxe6 {[%emt 0:01:04]} Bxe6 {[%emt 0:00:18]} 13. Qe2 {[%emt 0:00:37]} Be7 {[%emt 0:04:53]} 14. Rfd1 {[%emt 0:01:21]} Qc8 {[%emt 0:01:08]} 15. Nd5 {[%emt 0:12:56]} Bd8 {[%emt 0:09:16]} 16. Bd6 {[%emt 0:01:07]} Kf7 {[%emt 0:00:18]} 17. Nf4 {[%emt 0:00:14]} Be7 {[%emt 0:07:02]} 18. e5 {[%emt 0:01:45]} f5 {[%emt 0:03:33]} 19. Bxe7 {[%emt 0:01:28]} Kxe7 {[%emt 0:00:22]} 20. Rd6 {[%emt 0:01:40]} Bf7 {[%emt 0:01:33]} 21. Rad1 {[%emt 0:00:16]} Bxa2 {[%emt 0:03:41]} 22. Qh5 {[%emt 0:01:19]} Bd5 {[%emt 0:06:11]} 23. Qg5+ {[%emt 0:01:18]} Kf7 {[%emt 0:00:34]} 24. Nxd5 {[%emt 0:02:05]} 1-0

[Event "ROU-ch Men 2018"]
[Site "Olanesti"]
[Date "2018.05.14"]
[Round "1"]
[White "Vasiesiu, Victor"]
[Black "Muller, Wilhelm"]
[Result "1-0"]
[WhiteElo "2327"]
[BlackElo "1896"]
[Annotator "NA"]
[PlyCount "61"]
[EventDate "2018.??.??"]
[EventType "swiss"]
[EventCountry "ROU"]
[SourceTitle "playchess.com"]
[Source "ChessBase"]
[SourceQuality "1"]
[TimeControl "40/5400+30:1800+30"]

{[%evp 11,54,31,32767,32767,39,26,49,51,50,64,85,115,150,150,152,143,147,133,212,213,210,215,230,238,283,283,412,437,425,463,583,637,32767,32767,32767,32767,32767,32767,32767,302,32767,32767,1513,29981,29989]} 1. e4 {[%emt 0:00:00]} d6 {[%emt 0:00:17]} 2. d4 {[%emt 0:00:00]} Nd7 {[%emt 0:00:13]} 3. Nc3 {[%emt 0:00:12]} g6 {[%emt 0:00:25]} 4. f4 {[%emt 0:00:09]} Bg7 {[%emt 0:00:23]} 5. Nf3 {[%emt 0:00:08]} e6 {[%emt 0:00:50]} 6. Bd3 {[%emt 0:00:44] B06: Modern Defence} Ne7 {[%emt 0:00:45]} 7. O-O {[%emt 0:00:18]} (7. Be3 b6 8. O-O O-O 9. Qd2 c5 10. Nb5 d5 11. e5 Ba6 12. Nd6 Bxd3 13. cxd3 Nc8 14. Nb5 {0-1 (43) Zwirs,N (2395)-Ghasi,A (2455) chess.com INT 2017}) 7... O-O {LiveBook: 5 Games} 8. Ne2 d5 {[%emt 0:06:45]} 9. e5 {[%emt 0:00:58]} c5 {[%emt 0:02:30]} 10. c3 {[%emt 0:00:07]} Nf5 $146 {[%emt 0:06:17]} ({Predecessor:} 10... Nc6 11. Be3 c4 {1-0 (25) Recky,N (1939)-Krivos Bellus,J (1886) Slovakia 2008}) 11. g4 {[%emt 0:03:33]} Nh6 {[%emt 0:02:41]} 12. h3 {[%emt 0:00:26]} Kh8 {[%emt 0:10:08]} 13. Ng3 {[%emt 0:00:22]} cxd4 {[%emt 0:05:40]} 14. cxd4 {[%emt 0:00:07]} Nb6 {[%emt 0:04:16]} (14... Nb8 $16 {might work better.} 15. b3 Nc6) 15. b3 {[%emt 0:02:31]} Bd7 {[%emt 0:01:08]} 16. Be3 {[%emt 0:00:36]} Nc8 {[%emt 0:02:34] [#]} 17. Qd2 $1 {[%emt 0:00:16]} Ne7 {[%emt 0:02:30]} 18. f5 $1 {[%emt 0:00:10]} exf5 {[%emt 0:00:05]} (18... Nhxf5 {was necessary.} 19. gxf5 exf5) 19. Bxh6 {[%emt 0:00:12]} fxg4 {[%emt 0:00:06]} 20. hxg4 {[%emt 0:03:10]} Bxg4 {[%emt 0:00:51]} 21. Bxg7+ {[%emt 0:00:23]} Kxg7 {[%emt 0:00:03]} 22. Qg5 {[%emt 0:00:09]} Bxf3 {[%emt 0:00:26]} 23. Qf6+ {[%emt 0:00:11]} Kg8 {[%emt 0:00:14]} 24. Rxf3 {[%emt 0:00:09]} Nc6 {[%emt 0:02:53]} 25. Qf4 {[%emt 0:02:37]} Kh8 {[%emt 0:02:36]} 26. Kg2 {[%emt 0:03:34]} Rc8 $2 {[%emt 0:05:22]} (26... Rg8 27. Raf1 Rg7) 27. Rh1 {[%emt 0:00:59]} Rc7 {[%emt 0:00:49]} 28. Bxg6 {[%emt 0:00:10]} fxg6 {[%emt 0:01:07]} 29. Qxf8+ {[%emt 0:00:06]} Qxf8 {[%emt 0:00:05]} 30. Rxf8+ {[%emt 0:00:08]} Kg7 {[%emt 0:00:41]} 31. Rf4 {[%emt 0:00:28]} 1-0

[Event "ROU-ch Men 2018"]
[Site "Olanesti"]
[Date "2018.05.14"]
[Round "1"]
[White "Ileana, George"]
[Black "Dinca, Ovidiu"]
[Result "1/2-1/2"]
[WhiteElo "2325"]
[BlackElo "1863"]
[Annotator "ChessBase"]
[PlyCount "112"]
[EventDate "2018.??.??"]
[EventType "swiss"]
[EventCountry "ROU"]
[SourceTitle "playchess.com"]
[Source "ChessBase"]
[SourceQuality "1"]
[TimeControl "40/5400+30:1800+30"]

1. e4 {[%emt 0:00:00]} e5 {[%emt 0:00:05]} 2. Nf3 {[%emt 0:00:00]} Nf6 {[%emt 0:00:04]} 3. Nxe5 {[%emt 0:00:00]} d6 {[%emt 0:00:11]} 4. Nf3 {[%emt 0:00:00]} Nxe4 {[%emt 0:00:09]} 5. Nc3 {[%emt 0:00:00]} Nxc3 {[%emt 0:00:04]} 6. dxc3 {[%emt 0:00:00]} Be7 {[%emt 0:00:10]} 7. Be3 {[%emt 0:00:00]} Nc6 {[%emt 0:00:09]} 8. Qd2 {[%emt 0:00:05]} Be6 {[%emt 0:05:19]} 9. O-O-O {[%emt 0:02:49]} Qd7 {[%emt 0:00:50]} 10. Kb1 {[%emt 0:00:06]} a6 {[%emt 0:08:36]} 11. h3 {[%emt 0:00:44]} Ne5 {[%emt 0:10:22]} 12. Ng5 {[%emt 0:04:20]} Bxg5 {[%emt 0:05:23]} 13. Bxg5 {[%emt 0:00:07]} f6 {[%emt 0:00:11]} 14. Be3 {[%emt 0:00:12]} Nc4 {[%emt 0:01:27]} 15. Bxc4 {[%emt 0:00:38]} Bxc4 {[%emt 0:00:03]} 16. g4 {[%emt 0:00:24]} Qf7 {[%emt 0:07:56]} 17. a3 {[%emt 0:00:33]} O-O-O {[%emt 0:01:49]} 18. Rhg1 {[%emt 0:04:29]} h6 {[%emt 0:00:48]} 19. h4 {[%emt 0:01:13]} g5 {[%emt 0:03:49]} 20. hxg5 {[%emt 0:05:24]} fxg5 {[%emt 0:00:14]} 21. b3 {[%emt 0:00:56]} Bb5 {[%emt 0:00:40]} 22. c4 {[%emt 0:00:32]} Bc6 {[%emt 0:00:05]} 23. Qd4 {[%emt 0:00:44]} Rhe8 {[%emt 0:00:53]} 24. Qa7 {[%emt 0:01:46]} Be4 {[%emt 0:00:44]} 25. Kb2 {[%emt 0:01:48]} c5 {[%emt 0:01:36]} 26. Qb6 {[%emt 0:00:52]} Qc7 {[%emt 0:00:20]} 27. Qxc7+ {[%emt 0:00:27]} Kxc7 {[%emt 0:00:09]} 28. Rg3 {[%emt 0:00:04]} Re6 {[%emt 0:01:35]} 29. b4 {[%emt 0:04:20]} b6 {[%emt 0:00:29]} 30. Rh3 {[%emt 0:04:48]} Rf8 {[%emt 0:00:22]} 31. Kc3 {[%emt 0:12:12]} Rff6 {[%emt 0:02:31]} 32. Rg3 {[%emt 0:09:29]} Rf3 {[%emt 0:03:28]} 33. Rdg1 {[%emt 0:00:44]} Ref6 {[%emt 0:02:00]} 34. Kd2 {[%emt 0:00:33]} Rxg3 {[%emt 0:03:16]} 35. Rxg3 {[%emt 0:00:04]} Rf3 {[%emt 0:00:26]} 36. Rg1 {[%emt 0:03:23]} Rf6 {[%emt 0:00:13]} 37. c3 {[%emt 0:01:15]} Bf3 {[%emt 0:03:25]} 38. Rg3 {[%emt 0:01:32]} Kd7 {[%emt 0:04:28]} 39. Kd3 {[%emt 0:00:09]} Bc6 {[%emt 0:02:02]} 40. Ke2 {[%emt 0:00:00]} Bb7 {[%emt 0:01:34]} 41. Bd2 {[%emt 0:07:28]} Kc7 {[%emt 0:01:03]} 42. Rd3 {[%emt 0:01:56]} Bc8 {[%emt 0:01:46]} 43. f3 {[%emt 0:00:49]} Be6 {[%emt 0:00:24]} 44. Re3 {[%emt 0:00:27]} Bxc4+ {[%emt 0:00:08]} 45. Kf2 {[%emt 0:00:03]} Be6 {[%emt 0:02:00]} 46. Kg3 {[%emt 0:00:08]} d5 {[%emt 0:01:27]} 47. Re1 {[%emt 0:01:52]} Kc6 {[%emt 0:00:24]} 48. bxc5 {[%emt 0:00:46]} bxc5 {[%emt 0:00:12]} 49. Rb1 {[%emt 0:01:11]} d4 {[%emt 0:04:50]} 50. cxd4 {[%emt 0:00:12]} Bd5 {[%emt 0:00:19]} 51. f4 {[%emt 0:00:36]} gxf4+ {[%emt 0:00:14]} 52. Bxf4 {[%emt 0:00:04]} cxd4 {[%emt 0:00:34]} 53. Rb2 {[%emt 0:01:31]} Rg6 {[%emt 0:06:57]} 54. Rh2 {[%emt 0:00:49]} Be6 {[%emt 0:00:21]} 55. Rxh6 {[%emt 0:04:48]} Rxh6 {[%emt 0:00:15]} 56. Bxh6 {[%emt 0:00:03]} Bxg4 {[%emt 0:00:18]} 1/2-1/2